Serverová aplikácia pre zber a spracovanie dát z bezdrôtového systému

Saved in:
Bibliographic Details
Main Author: Koren, Jan (Author)
Other Authors: Stopjaková, Viera (Thesis advisor)
Format: Manuscript Book
Language:Slovak
Published: 2015
Subjects:
Online Access:http://is.stuba.sk/zp/portal_zp.pl?podrobnosti=110061
Tags: Add Tag
No Tags, Be the first to tag this record!

MARC

LEADER 00000ntm a22000003a 4500
001 stuzp53639
003 SK-STU
005 20160719154529.3
007 ta
008 150427s2015----xo-----f-mn---000-0-slo-d
040 |a STU  |b slo 
041 0 |a slo 
044 |a xo 
100 1 |a Koren, Jan  |u 070100  |4 aut  |U FIIT Fakulta informatiky a informačných technológií  |T FIIT Ústav počítačových systémov a sietí  |X 64368  |U I100  |Y 178  |7 A000064368 
242 0 1 |a Server application for collecting and processing data from the wireless system  |y eng 
245 1 0 |a Serverová aplikácia pre zber a spracovanie dát z bezdrôtového systému 
260 |c 2015 
300 |a 102 s.  |e CD-ROM 
650 4 |a inteligentné domácnosti  |2 slo 
650 4 |a správcovská konzola  |2 slo 
650 4 |a serverová aplikácia  |2 slo 
650 4 |a wireless system  |2 eng 
650 4 |a server application  |2 eng 
650 4 |a collecting data  |2 eng 
650 4 |a intelligent home  |2 eng 
700 1 |a Stopjaková, Viera  |4 ths  |X 1939  |7 A000001939 
856 4 |u http://is.stuba.sk/zp/portal_zp.pl?podrobnosti=110061 
996 |b 284ID00015  |c I* DP14/15  |l II680  |s P  |a 0  |w stuzp53639_0001 
SQL |a stuzp53639  |b DDP  |c SLO  |d Serverová aplikácia pre zber a spracovanie dát z bezdrôtového systému  |e 64368  |f Koren, Jan  |g 070100  |h 1939  |i Stopjaková, Viera  |j 20150610  |k 662  |l 07  |m http://is.stuba.sk/zp/portal_zp.pl?podrobnosti=110061  |n I-PKSS2  |o 9.2.4. počítačové inžinierstvo